| 000 | 00730nam a2200253Ia 4500 | ||
|---|---|---|---|
| 003 | OSt | ||
| 005 | 20220924114354.0 | ||
| 006 | a|||||r|||| 00| 0 | ||
| 007 | ta | ||
| 008 | 220923b |||||||| |||| 00| 0 ara d | ||
| 024 | _a344798 | ||
| 037 | _cTextual | ||
| 040 |
_aARTS _cARTS _bara |
||
| 041 |
_2ara _aara |
||
| 082 | _aV491.H, 28L4.1 | ||
| 100 |
_aKhalil Khalilullah Au. _9173224 |
||
| 245 | 0 |
_aHirat _b tarikh ha aasar ha rijaloha |
|
| 260 |
_aBaghdad _bMatba-i-ma'arif Iraq _c1974 |
||
| 300 |
_a106p. _ccm. |
||
| 650 |
_a ARABIC LANGUAGE _931794 |
||
| 650 |
_aAFGHANISTAN - HISTORY _915333 |
||
| 942 |
_hV491.H, 28L4.1 _cTEXL _2CC |
||
| 999 |
_c393248 _d393248 |
||